logo

Bir Sreshtho Munshi Abdur Rouf Library
Jhenaidah Cadet College

Elementary Functions and Coordinate Geometry / (Record no. 6606)

MARC details
000 -LEADER
fixed length control field 00601nam a22002297a 4500
001 - CONTROL NUMBER
JCCL Control Number 6606
003 - CONTROL NUMBER IDENTIFIER
JCCL marc code BD-JhCC
005 - DATE AND TIME OF LATEST TRANSACTION
control field 20180130091825.0
008 - FIXED-LENGTH DATA ELEMENTS--GENERAL INFORMATION
fixed length control field 180127b xxu||||| |||| 00| 0 eng d
035 ## - SYSTEM CONTROL NUMBER
system control number (BD-JhCC)6606
040 ## - CATALOGING SOURCE
Original cataloging agency BD-JhCC
Modifying agency BD-JhCC
041 ## - LANGUAGE CODE
Language code of Book eng
082 ## - DEWEY DECIMAL CLASSIFICATION NUMBER
Classification number 516
Author mark and Year ELE 1969
100 ## - MAIN ENTRY--PERSONAL NAME
Personal name Marcus, Marvin
245 ## - TITLE STATEMENT
Title Elementary Functions and Coordinate Geometry /
Statement of responsibility, etc Marvin Marcus, Henryk Minc
260 ## - PUBLICATION, DISTRIBUTION, ETC. (IMPRINT)
Place of publication, distribution, etc Boston :
Name of publisher, distributor, etc Houghton Mifflin Company,
Date of publication, distribution, etc 1969.
300 ## - PHYSICAL DESCRIPTION
Pagination 404 p. :
Dimensions 26 cm.
650 ## - SUBJECT ADDED ENTRY--TOPICAL TERM
Topical term or geographic name as entry element Geometry
700 ## - ADDED ENTRY--PERSONAL NAME
Personal name Minc, Henryk
942 ## - ADDED ENTRY ELEMENTS (KOHA)
Source of classification or shelving scheme Dewey Decimal Classification
Koha item type Books
Holdings
Source of classification or shelving scheme Damaged status Not for loan Home library Current library Shelving location Total Checkouts Full call number Barcode Date last seen Copy number Koha item type
Dewey Decimal Classification     JCC Rouf Library JCC Rouf Library General Stacks   516 MER 1969 7778 01/27/2018 C - 1 Books

JCC Library | Contacts | JCC Home

Last Update on 23 September 2017
Copyright @ 2017-2020 JCC Rouf Library
Rouf Library, Jhenidah Cadet College (JCC), Bangladesh